[Event "Goch op 26th"]
[Site "Goch"]
[Date "2015.09.05"]
[Round "5"]
[White "Avis, Fred"]
[Black "Engels, Horst"]
[Result "1-0"]
[WhiteElo "1886"]
[BlackElo "1795"]
[PlyCount "57"]
[EventDate "2015.09.03"]
[EventType "swiss"]
[EventRounds "7"]
[EventCountry "GER"]
[SourceTitle "EXT 2018"]
[Source "ChessBase"]
[SourceDate "2017.10.13"]
[SourceVersion "1"]
[SourceVersionDate "2017.10.13"]
[SourceQuality "1"]

1. d4 d5 2. c4 e6 3. Nc3 Nf6 4. Bg5 Be7 5. cxd5 exd5 6. e3 0-0 7. Qc2 Re8 8. Bd3 Nbd7 9. Nge2 Nf8 10. 0-0 c6 11. f3 Be6 12. h3 Rc8 13. e4 dxe4 14. fxe4 a6 15. Rad1 Qa5 16. Bxf6 Bxf6 17. e5 Bg5 18. Rf3 Ng6 19. Ne4 Be7 20. Nf4 Nxf4 21. Rxf4 h6 22. a3 Rf8 23. Qf2 Qd8 24. Bb1 Bb3 25. Rd3 Bd5 26. Nf6+ Bxf6 27. exf6 g6 28. Rh4 Kh7 29. Rxh6+ 1-0

[Event "Goch op 22nd"]
[Site "Goch"]
[Date "2011.10.01"]
[Round "5"]
[White "Engels, Horst"]
[Black "Avis, Fred"]
[Result "1/2-1/2"]
[WhiteElo "1771"]
[BlackElo "1999"]
[PlyCount "39"]
[EventDate "2011.09.29"]
[EventType "swiss"]
[EventRounds "7"]
[EventCountry "GER"]
[SourceTitle "EXT 2014"]
[Source "ChessBase"]
[SourceDate "2013.11.20"]
[SourceVersion "1"]
[SourceVersionDate "2013.11.20"]
[SourceQuality "1"]

1. d4 d5 2. c4 e6 3. Nf3 Nf6 4. Nc3 c6 5. e3 Nbd7 6. Bd3 Bd6 7. 0-0 0-0 8. Re1 Re8 9. e4 e5 10. exd5 cxd5 11. cxd5 exd4 12. Nxd4 Ne5 13. Be2 Nfg4 14. h3 Qh4 15. Rf1 Nh2 16. Kxh2 Nf3+ 17. Kh1 Nxd4 18. Bg4 Qf6 19. Bg5 Qxg5 20. Qxd4 1/2-1/2

[Event "Goch op 22nd"]
[Site "Goch"]
[Date "2011.09.30"]
[Round "2"]
[White "Engels, Horst"]
[Black "Moeller, Hannah Sophie"]
[Result "1-0"]
[WhiteElo "1771"]
[BlackElo "1076"]
[PlyCount "45"]
[EventDate "2011.09.29"]
[EventType "swiss"]
[EventRounds "7"]
[EventCountry "GER"]
[SourceTitle "EXT 2014"]
[Source "ChessBase"]
[SourceDate "2013.11.20"]
[SourceVersion "1"]
[SourceVersionDate "2013.11.20"]
[SourceQuality "1"]

1. d4 Nf6 2. c4 g6 3. Nc3 Bg7 4. e4 d6 5. Nf3 0-0 6. Be2 c5 7. 0-0 Bg4 8. Be3 cxd4 9. Nxd4 Bxe2 10. Ndxe2 Nc6 11. f3 Ne5 12. b3 Nfd7 13. Rc1 Nb6 14. Qd2 a5 15. a4 e6 16. Nb5 d5 17. cxd5 exd5 18. Nc7 Rc8 19. Bxb6 Qd7 20. Nxd5 Rxc1 21. Nf6+ Bxf6 22. Qxd7 Rxf1+ 23. Kxf1 1-0